Pago de licencia de maternidad aprendiz Sena (Registro nro. 440)

Detalles MARC
000 -LEADER
fixed length control field 02181nmm a2200277 a 4500
003 - CONTROL NUMBER IDENTIFIER
control field CO-CtgCURN
005 - DATE AND TIME OF LATEST TRANSACTION
control field 20250719144927.0
007 - PHYSICAL DESCRIPTION FIXED FIELD--GENERAL INFORMATION
fixed length control field co cga0aauuu
008 - FIXED-LENGTH DATA ELEMENTS--GENERAL INFORMATION
fixed length control field 190716s2017 xx f 000 0 spa d
040 ## - CATALOGING SOURCE
Original cataloging agency CO-CtgCURN
Language of cataloging spa
Transcribing agency coctgcurn
082 ## - DEWEY DECIMAL CLASSIFICATION NUMBER
Classification number DER 2017
Item number P438p
100 ## - MAIN ENTRY--PERSONAL NAME
Personal name Pérez Barrios, Iván Manuel
Relator term autor
9 (RLIN) 3851
245 #0 - TITLE STATEMENT
Title Pago de licencia de maternidad aprendiz Sena
Medium [electronic resource] /
Statement of responsibility, etc. Iván Manuel Pérez Barrios; asesor., Juan Carlos Berrocal Durán
260 ## - PUBLICATION, DISTRIBUTION, ETC.
Place of publication, distribution, etc. Barranquilla, Atlántico :
Name of publisher, distributor, etc. Corporación Universitaria Rafael Núñez,
Date of publication, distribution, etc. 2017
300 ## - PHYSICAL DESCRIPTION
Extent 1 recurso en línea (77 páginas (PDF)) :
Other physical details tablas
502 ## - DISSERTATION NOTE
Dissertation note Trabajo de Grado (Abogado). Corporación Universitaria Rafael Núñez. Facultad de Ciencias Sociales y Humanas. Programa de Derecho, 2017
504 ## - BIBLIOGRAPHY, ETC. NOTE
Bibliography, etc. note Incluye referencias bibliográficas
520 ## - SUMMARY, ETC.
Summary, etc. A pesar que a las mujeres vinculadas al sector productivo formal en todas sus esferas, al quedar embarazadas, tienen una protección especial, otorgada por la Constitución Nacional, la Ley, y la Jurisprudencia de la Corte Constitucional colombiana, quienes les han venido otorgado derechos especiales, titulados derechos reforzados y mediante la jurisprudencia por conexidad al derecho a la vida, al mínimo vital y a la protección especial a los recién nacidos, se han elevado a Derechos Fundamentales, aun con toda la protección que brinda el Estado, se le siguen violando los derechos, cuando están vinculadas mediante Contratos de Aprendizaje y quedan en estado de gravidez, la conculcación de sus derechos viene tanto por parte de sus patronos o tutores, así como por las Empresas Prestadoras de los servicios de salud, (EPS).
521 ## - TARGET AUDIENCE NOTE
Target audience note AREA PROFESIONAL
590 ## - LOCAL NOTE (RLIN)
Local note Programa de Derecho_18
650 ## - SUBJECT ADDED ENTRY--TOPICAL TERM
Topical term or geographic name entry element Derecho
Form subdivision Tesis y disertaciones académicas
9 (RLIN) 3852
700 ## - ADDED ENTRY--PERSONAL NAME
Personal name Berrocal Durán, Juan Carlos
Relator term asesor
9 (RLIN) 3853
856 ## - ELECTRONIC LOCATION AND ACCESS
Uniform Resource Identifier <a href="https://unicurn.sharepoint.com/:b:/s/biblioteca/EdumWN0SqoBNiUtnEPZaFYEBHyS6T9TCVVU2WIgWy6DzAQ?e=SRk4uq">https://unicurn.sharepoint.com/:b:/s/biblioteca/EdumWN0SqoBNiUtnEPZaFYEBHyS6T9TCVVU2WIgWy6DzAQ?e=SRk4uq</a>
Link text Consulte aquí el texto completo
942 ## - ADDED ENTRY ELEMENTS (KOHA)
Koha item type Trabajos de grado
Classification part DER 2017
Item part P438p
Source of classification or shelving scheme Dewey Decimal Classification
Suppress in OPAC No
Existencias
Withdrawn status Lost status Source of classification or shelving scheme Damaged status Not for loan Collection Home library Current library Shelving location Date acquired Inventory number Total checkouts Full call number Barcode Date last seen Copy number Price effective from Koha item type
    Dewey Decimal Classification     Trabajos de grado Miguel Henríquez Castañeda Barranquilla Miguel Henríquez Castañeda Barranquilla Trabajo de grado 05/23/2018 04530   DER 2017 P438p 04530 07/16/2019 ej.1 07/16/2019 Trabajos de grado